000 00319nam a2200121Ia 4500
008 230411s9999 xx 000 0 und d
041 _aeng
082 _aAN/610.7/INA/B05207
100 _aInamdar Madhuri
245 _aAarogya Shikshan : Sarwanchi Mulabhut Garaj
260 _aMumbai
_c1994
999 _c155730
_d155730